Первый взгляд на Адриенн фон Шпайр (Запись № 12959652)

Подробности
000 -МАРКЕР
контрольное поле 02378nam0a2200457 4500
001 - ИДЕНТИФИКАТОР ЗАПИСИ
контрольное поле RU\NLR\BIBL_A\022173548
005 - ИДЕНТИФИКАТОР ВЕРСИИ
контрольное поле 20260409163808.0
010 ## - МЕЖДУНАРОДНЫЙ СТАНДАРТНЫЙ НОМЕР КНИГИ (ISBN)
Номер (ISBN) 978-5-89647-423-4
Тираж 6000
021 ## - НОМЕР ГОСУДАРСТВЕННОЙ РЕГИСТРАЦИИ
Код страны Российская Федерация
Номер КН-П-24-008467
Номер Листа государственной регистраци КН-П-24-0877
035 ## - ДРУГИЕ СИСТЕМНЫЕ НОМЕРА
Идентификатор записи (NLR Aleph) 022173548
100 ## - ДАННЫЕ ОБЩЕЙ ОБРАБОТКИ
Данные общей обработки 20240320d2024 k y0rusy50 ca
101 1# - ЯЗЫК РЕСУРСА
Язык текста, звукозаписи и т.д. русский
Язык оригинала немецкий
102 ## - СТРАНА ПУБЛИКАЦИИ ИЛИ ПРОИЗВОДСТВА
Страна публикации Российская Федерация
105 ## - ПОЛЕ КОДИРОВАННЫХ ДАННЫХ: ТЕКСТОВЫЕ МАТЕРИАЛЫ, МОНОГРАФИЧЕСКИЕ
Кодированные данные о монографическом текстовом документе c z 000yb
181 #0 - ПОЛЕ КОДИРОВАННЫХ ДАННЫХ: ВИД СОДЕРЖАНИЯ
Код вида содержания (ISBD) i
Код характеристики содержания (ISBD) xxxe
182 #1 - ПОЛЕ КОДИРОВАННЫХ ДАННЫХ: ТИП СРЕДСТВА
Код типа средства (ISBD) n - непосредственное
200 1# - ЗАГЛАВИЕ И СВЕДЕНИЯ ОБ ОТВЕТСТВЕННОСТИ
Основное заглавие Первый взгляд на Адриенн фон Шпайр
Первые сведения об ответственности Ганс Урс фон Бальтазар
Последующие сведения об ответственности перевод [с нем.]: Ольга Хмелевская
203 ## - ВИД СОДЕРЖАНИЯ И ТИП СРЕДСТВА
Вид содержания Текст
Дополнительные сведения об издании визуальный
Тип средства непосредственный
210 ## - ПУБЛИКАЦИЯ, РАСПРОСТРАНЕНИЕ И ДР.
Место издания, распространения и т.д. Москва
Имя издателя, распространителя и т. д. Изд-во ББИ
Дата издания, распространения и т.д. 2024
215 ## - ФИЗИЧЕСКАЯ ХАРАКТЕРИСТИКА
Специфическое обозначение материала и объем XIV, 218 с.
Другие сведения о физической характеристике портр.
Размеры 22
225 1# - СЕРИЯ
Основное заглавие серии Серия "Современное богословие"
300 ## - ОБЩИЕ ПРИМЕЧАНИЯ
Текст примечания Загл. и авт. ориг.: Erster Blick auf Adrienne von Speyr / Hans Urs von Balthasar
300 ## - ОБЩИЕ ПРИМЕЧАНИЯ
Текст примечания На задней сторонке пер. авт.: Г. У. фон Балтазар - богослов, кардинал, д-р философии
320 ## - ПРИМЕЧАНИЯ О НАЛИЧИИ В ДОКУМЕНТЕ БИБЛИОГРАФИИ / УКАЗАТЕЛЯ
Текст примечания Библиогр. в подстроч. примеч.
320 ## - ПРИМЕЧАНИЯ О НАЛИЧИИ В ДОКУМЕНТЕ БИБЛИОГРАФИИ / УКАЗАТЕЛЯ
Текст примечания Список тр. А. фон Шпайр: с. 81-88
320 ## - ПРИМЕЧАНИЯ О НАЛИЧИИ В ДОКУМЕНТЕ БИБЛИОГРАФИИ / УКАЗАТЕЛЯ
Текст примечания Другие кн. авт.: с. 1
454 #0 - ОРИГИНАЛ (ПЕРЕВОДА)
Встроенное поле 2001#$aErster Blick auf Adrienne von Speyr$fHans Urs von Balthasar
-- 700#1$aBalthasar$bH. U. von$f1905-1988$gHans Urs von$3RU\NLR\AUTH\7753325
Заглавие Erster Blick auf Adrienne von Speyr
Автор Balthasar, Hans Urs von (1905-1988)
600 #1 - ИМЯ ЛИЦА КАК ПРЕДМЕТ
Начальный элемент ввода Шпайр
Часть имени, кроме начального элемента ввода А. фон
Даты 1902 - 1967
Расширение инициалов личного имени Адриенн фон
Системный номер авторитетной/нормативной записи 2589257
Идентификатор авторитетной/нормативной записи RU\NLR\AUTH\6601740182
606 1# - НАИМЕНОВАНИЕ ТЕМЫ КАК ПРЕДМЕТ
Наименование темы Богословие католическое
Географический подзаголовок Швейцария
Хронологический подзаголовок 20 - 21 в.
Системный номер авторитетной/нормативной записи 2589262
Идентификатор авторитетной/нормативной записи RU\NLR\AUTH\6601740185
686 1# - ИНДЕКСЫ ДРУГИХ КЛАССИФИКАЦИЙ
Индекс Р.г(4Ш)7д Шпайр
686 2# - ИНДЕКСЫ ДРУГИХ КЛАССИФИКАЦИЙ
Индекс Э375-39(4Ш)6-028
686 2# - ИНДЕКСЫ ДРУГИХ КЛАССИФИКАЦИЙ
Индекс Э375-39(4Ш)6-4
700 #1 - ИМЯ ЛИЦА - ПЕРВИЧНАЯ ОТВЕТСТВЕННОСТЬ
Графика поля Кириллица
Материалы, к которым относится поле rus
Начальный элемент ввода Бальтазар
Часть имени, кроме начального элемента ввода Х. У. фон
Даты 1905-1988
Расширение инициалов личного имени Ханс Урс фон
Системный номер авторитетной/нормативной записи 36249
Идентификатор авторитетной/нормативной записи RU\NLR\AUTH\7753317
702 #1 - ИМЯ ЛИЦА - ВТОРИЧНАЯ ОТВЕТСТВЕННОСТЬ
Код отношения Объект посвящения
Графика поля Кириллица
Материалы, к которым относится поле rus
Начальный элемент ввода Шпайр
Часть имени, кроме начального элемента ввода А. фон
Даты 1902-1967
Расширение инициалов личного имени Адриенн фон
Системный номер авторитетной/нормативной записи 2704584
Идентификатор авторитетной/нормативной записи RU\NLR\AUTH\770292140
942 ## - ДОПОЛНИТЕЛЬНЫЕ ЭЛЕМЕНТЫ ЗАПИСИ (АБИС)
Тип экземпляра АБИС Книга
980 ## - КОЛЛЕКЦИЯ
Название коллекции Национальная библиография
Экземпляры
Тип экземпляра Дата поступления Источник поступления Библиотека постоянного хранения Библиотека текущего хранения Место хранения Шифр хранения Штрих-код Статус экземпляра
Книга 20.03.2024 Обязательный экземпляр РНБ (Московский) РНБ (Московский) Русский книжный фонд: издания с 1957 года 2024-5/2216 1-4515622  
Книга 20.03.2024 Обязательный экземпляр РНБ (Московский) РНБ (Московский) Русский книжный фонд: издания с 1957 года 2024-5/2216 1-4515621